| 000 | 00922cam a22003131i 4500 | ||
|---|---|---|---|
| 001 | 35186 | ||
| 003 | BD-RjUL | ||
| 005 | 20211209052256.0 | ||
| 008 | 140521r19771957 ii 001 0 eng d | ||
| 035 | _a(BD-RjUL)35280 | ||
| 035 | _a(OCoLC)ocm00166712 | ||
| 035 | _a(BD-RjUL) | ||
| 035 | _a(NNC)2512387 | ||
| 040 |
_dUPvMLC _dUPvMLC _dBD-RjUL _aDLC _beng _cDLC |
||
| 041 | _aeng | ||
| 082 | 0 | 4 |
_a311 _bSIB 1977 |
| 090 |
_aHA29 _b.Si58 |
||
| 100 | 1 |
_aSimpson, George, _d1908- _919639 |
|
| 245 | 1 | 0 |
_aBasic statistics : _ba textbook for the first course / _c[by] George Simpson and Fritz Kofka. |
| 250 | _aRev. ed. | ||
| 260 |
_aNew delhi : _bOxford & IBH pub., _cc1957 [reprinted 1977] |
||
| 300 |
_a521 p. : _bill. ; _c22 cm. |
||
| 504 | _aincludes index. | ||
| 650 | 0 |
_aStatistics. _9107185 |
|
| 700 | 1 |
_aKafka, Fritz, _eauthor. _9107186 |
|
| 942 |
_2ddc _cBK |
||
| 999 |
_c35186 _d35186 |
||